000 00753nam a2200229 a 4500
001 40000
003 BD-RjUL
005 20211209053121.0
008 160421s1964 bg ||||| |||| 00| 0 ben d
020 _c: TK 2.50
035 _a(BD-RjUL)40114
040 _aBD-RjUL
_bben
_cBD-RjUL
041 _aben
082 _223
_a891.443
_bKHA 1964
100 _aখানম, জোবেদা
_9123205
245 1 0 _aআকাশের রং /
_cজোবেদা খানম
260 _aঢাকা :
_bনওরোজ কিতাবস্থান,
_c১৯৬৪
300 _a১০৭ পৃ. ;
_c২১ সেমি
650 _aবাংলা উপন্যাস
_9123206
650 _aBengali Fiction
_9123207
942 _2ddc
_cBK
999 _c40000
_d40000